书目信息 |
| 题名: |
节日礼仪
|
|
| 作者: | 舒静庐 主编 | |
| 分册: | ||
| 出版信息: | 上海 上海三联书店 2015 |
|
| 页数: | 10,255页 | |
| 开本: | 24cm | |
| 丛书名: | ||
| 单 册: | ||
| 中图分类: | K891.1 | |
| 科图分类: | ||
| 主题词: | 节日--风俗习惯--世界 | |
| 电子资源: | ||
| ISBN: | 978-7-5426-5003-0 | |
| 000 | 00858nam0 2200253 450 | |
| 001 | 012015000619 | |
| 005 | 20150915084632.40 | |
| 010 | @a978-7-5426-5003-0@dCNY29.80 | |
| 100 | @a20151327d2015 em y0chiy0110 ea | |
| 101 | 0 | @achi |
| 102 | @aCN@b310000 | |
| 105 | @ay z 000yy | |
| 106 | @ar | |
| 200 | 1 | @a节日礼仪@Ajie ri li yi@dFestival etiquette@f舒静庐主编@zeng |
| 210 | @a上海@c上海三联书店@d2015 | |
| 215 | @a10,255页@d24cm | |
| 300 | @a礼赢天下:中华与世界礼仪全览 14 | |
| 330 | @a本书分为两个大部分,一部分介绍了我国重大传统节日礼仪、部分少数民族重要节日礼仪,另一部分介绍了世界上的一些重要节日礼仪和部分国家的特色节日的礼仪礼俗。 | |
| 510 | 1 | @aFestival etiquette@zeng |
| 606 | 0 | @a节日@x风俗习惯@y世界 |
| 690 | @aK891.1@v5 | |
| 701 | 0 | @a舒静庐@Ashu jing lu@4主编 |
| 801 | 0 | @aCN@b碧洲教育@c20150718 |
| 905 | @a10447@f4@dK891.1@e204 | |
| 节日礼仪=Festival etiquette/舒静庐主编.-上海:上海三联书店,2015 |
| 10,255页;24cm |
| 礼赢天下:中华与世界礼仪全览 14 |
| ISBN 978-7-5426-5003-0:CNY29.80 |
| 本书分为两个大部分,一部分介绍了我国重大传统节日礼仪、部分少数民族重要节日礼仪,另一部分介绍了世界上的一些重要节日礼仪和部分国家的特色节日的礼仪礼俗。 |
| ● |
| 相关链接 |
|
|
|
|
正题名:节日礼仪
索取号:K891.1/204
 
预约/预借
| 序号 | 登录号 | 条形码 | 馆藏地/架位号 | 状态 | 备注 |
| 1 | 0848683 | 208486832 | 第二样本阅览室/ [索取号:K891.1/204] | 在馆 | |
| 2 | 0848684 | 208486841 | 第二借阅区/ [索取号:K891.1/204] | 在馆 | |
| 3 | 0848685 | 208486850 | 第二借阅区/ [索取号:K891.1/204] | 在馆 | |
| 4 | 0848686 | 208486869 | 第二借阅区/ [索取号:K891.1/204] | 在馆 |